| 000 | 00455nam a2200193Ia 4500 | ||
|---|---|---|---|
| 008 | 170918s9999 xx 000 0 und d | ||
| 020 | _a9780590224369 | ||
| 050 | _bW455 1989 | ||
| 100 | _aWells, Rosemary | ||
| 245 | _aMax's chocolate chicken / | ||
| 245 | _cRosemary Wells. | ||
| 260 | _aNew York : | ||
| 260 | _bScholastic, | ||
| 260 | _c1989 | ||
| 300 | _aunpaged : | ||
| 300 | _bcolored illustration ; | ||
| 300 | _c20cm. | ||
| 500 | _a300 | ||
| 999 |
_c341202 _d341202 |
||